| 000 | 00357nam a2200145Ia 4500 | ||
|---|---|---|---|
| 008 | 150301s2014 xx 000 0 und d | ||
| 082 |
_a6107362 _bW14H |
||
| 100 | _aHOCKENBERRY, M.J. | ||
| 245 | _aWONG'S ESSENTIALS OF PEDIATRIC NURSING | ||
| 250 | _a8TH | ||
| 260 |
_bELSEVER _c2014 |
||
| 300 | _a1245 | ||
| 650 | _aPEDIATRIC NURSING | ||
| 942 |
_2ddc _cBK _07 |
||
| 999 |
_c6801 _d6801 |
||